Об освобождении Ибрагимова И. от обязанностей секретаря ЦИК Советов УзССР

Доступно только в Электронных читальных залах Найти на картеНа карте
RUSMARC
00004426nac2a22003013x 450
0011f1b069e-688a-4197-a37d-98a09367c021
00520230623192341.0
100##$a20230605l19291929k y0rusy50 ca
1010#$arus
$auzb
102##$aRU
105##$ay z |||||
1222#$ad19290313
$ad19290329
2001#$aОб освобождении Ибрагимова И. от обязанностей секретаря ЦИК Советов УзССР
$j13.03.1929 - 29.03.1929
215##$a3 листа
$d35,6 х 24,1
251##$cДело
300##$aЗаголовок дела на папке: Об освобождении тов. Ибрагимова И. от обязанностей секретаря ЦИК Советов УзССР
300##$aВ деле обратная нумерация
300##$aЧасть текста на узбекском языке
300##$aЧасть текста машинописная и рукописная, часть - напечатана типографским способом
461#0$1001796d4672-8a00-4986-b488-6e42273792cc
$12001
$aЦЕНТРАЛЬНЫЙ ИСПОЛНИТЕЛЬНЫЙ КОМИТЕТ СССР (ЦИК СССР).
$1251
$cФонд
$1852
$gР
$j3316
462#0$10016e6e8ba4-e15f-4ad4-8937-f1e88c150bfe
$12001
$aДела Секретариата Президиума ЦИК Союза ССР. 1929 г.
$vД. 366
$1251
$cОпись
$1852
$j22
5171#$aОб освобождении тов. Ибрагимова И. от обязанностей секретаря ЦИК Советов УзССР
600#1$aИбрагимов
$bИ.
60101$3RU\NLR\AUTH\880357276
$aСССР
$bЦИК
60101$3RU\NLR\AUTH\880401386
$aУзССР
$bЦИК
801#0$aRU
$bGA_RF
801#1$aRU
$bГлавНИВЦ
$c20230605
$2rusmarc
801#2$aRU
$bПБ им. Б.Н. Ельцина
$c20230623
$gRCR
$2rusmarc
852##$aГА РФ
$j366
937##$d185682159
$hГАРФ
035##$aRuPRLIB51071617
856##$uhttp://readingroom.main.prlib.ru/item.aspx?id_node=n185682159&mode=full
Формат отображения